A PRACTICAL OPERATIVE GUIDE FOR TOTAL KEE AND HIP REPLACEMENT (WITH CD) (Record no. 799158)

MARC details
000 -LEADER
fixed length control field 00398pam a2200145 a 4500
020 ## - INTERNATIONAL STANDARD BOOK NUMBER
International Standard Book Number 9788184482393
Terms of availability
041 ## - LANGUAGE CODE
Language code of original
082 ## - DEWEY DECIMAL CLASSIFICATION NUMBER
Classification number 617.3
Item number MEH
100 ## - MAIN ENTRY--PERSONAL NAME
Personal name MEHTA A.K.
245 ## - TITLE STATEMENT
Title A PRACTICAL OPERATIVE GUIDE FOR TOTAL KEE AND HIP REPLACEMENT (WITH CD)
Medium Textual Documents
260 ## - PUBLICATION, DISTRIBUTION, ETC.
Name of publisher, distributor, etc. JAYPEE BROTHERS MEDICAL PUB.
Date of publication, distribution, etc. 2008
300 ## - PHYSICAL DESCRIPTION
Extent 178:
Other physical details XII;
Dimensions HB+
Accompanying material CD.
650 ## - SUBJECT ADDED ENTRY--TOPICAL TERM
Topical term or geographic name entry element ORTHO
930 ## - EQUIVALENCE OR CROSS-REFERENCE-UNIFORM TITLE HEADING [LOCAL, CANADA]
Uniform title 4630
Holdings
Withdrawn status Lost status Damaged status Not for loan Collection Home library Current library Date acquired Source of acquisition Cost, normal purchase price Total Checkouts Full call number Barcode Date last seen Copy number Price effective from Koha item type
          Medical College & Hospital, Sangli Medical College & Hospital, Sangli 22/07/2011 B.M.S.G.B.PUNE 1695.00   617.3 MEH MCS-9524 26/07/2023 1 26/07/2023 Book